Ładuje się......

IBM dictionary of computing /

Opis bibliograficzny
1. autor: McDaniel, George
Format: Printed Book
Język:English
Wydane: New York : Mc-Graw Hill , 1994.
Hasła przedmiotowe:
LEADER 00723cam a2200229ua 4500
001 1943
005 20191212161440.0
007 ta
008 080718s1994 g b000 u eng u
041 1 |a eng  |h NULL 
082 1 4 |a 004.03  |b IBM 
100 1 |a McDaniel, George . 
245 0 0 |a IBM dictionary of computing /   |c NULL.  |h Textual Documents 
260 |a New York :   |b Mc-Graw Hill ,   |c 1994. 
300 |a NULL ;   |c NULL. 
541 |e 01163  
653 0 |a Computer science 
653 0 |a Dictionary 
852 0 |t 1  |p DCS01163   |b R  |k 004.03  |f 00000  |m IBM 
942 |c BK 
999 |c 238672  |d 238672 
952 |0 0  |1 0  |4 0  |6 004_030000000000000  |7 0  |9 253176  |a DCS  |b DCS  |d 2019-12-12  |f 00000  |l 0  |m 0  |o 004.03  |p DCS01163   |r 2019-12-12  |t 1  |w 2019-12-12  |y BK